| 000 | 00613nam a2200217 a 4500 | ||
|---|---|---|---|
| 005 | 20240228063901.0 | ||
| 008 | 070131s1993 mx r 000 0 spa d | ||
| 020 | _a9501109658 | ||
| 035 | _aUPN01000149039 | ||
| 049 | _aI | ||
| 050 | 4 |
_aPZ71 _bP3.4 |
|
| 245 | 0 | 0 |
_aPájaros / _ctr. de Olga Colella. |
| 260 |
_aBuenos Aires. _bSigmar, _c1993. |
||
| 300 |
_a19 p. : _bil. col. |
||
| 440 | 0 | _aAbre tus ojos | |
| 534 |
_pTraducción de: _tEye Openers - Birds |
||
| 650 | 4 |
_aLibros y lectura para niños _92290 |
|
| 650 | 7 |
_aAnimales _vLiteratura infantil _2 _91061 |
|
| 650 | 4 |
_aAVES _94114 |
|
| 905 | _aInfantil | ||
| 999 |
_c121180 _d121180 |
||